F1 - Pilotos ganadores de GP - Estadísticas

Estadísticas generales
  • Esta prueba ha sido intentada 21 veces
  • La puntuación promedio es 34 de 58
Estadísticas de respuestas
País Fecha de Nacimiento Lugar de Nacimiento Campeonatos Nº de Victorias Respuesta % Correcto
Inglaterra 07 - 01 - 1985 Stevenage 7 105 Lewis Hamilton
100%
Brasil 21 - 03 - 1960 Sao Paulo 3 41 Ayrton Senna
93%
España 29 - 07 - 1981 Oviedo 2 32 Fernando Alonso
93%
Inglaterra 13 - 11 - 1999 Bristol 1 11 Lando Norris
93%
Paises Bajos 30 - 09 - 1997 Hasselt (Bélgica) 4 71 Max Verstappen
93%
Argentina 24 - 06 - 1911 Balcarce 5 24 Juan Manuel Fangio
87%
Finlandia 17 - 10 - 1979 Espoo 1 21 Kimi Räikkönen
87%
Alemania 03 - 01 - 1969 Hürth-Hermülheim 7 91 Michael Schumacher
87%
Austria 22 - 02 - 1949 Viena 3 25 Niki Lauda
87%
Australia 06 - 04 - 2001 Melbourne 0 9 Oscar Piastri
87%
Alemania 03 - 07 - 1987 Heppenheim 4 53 Sebastian Vettel
87%
Monaco 16 - 10 - 1997 Monaco 0 8 Charles Leclerc
80%
Mexico 26 - 01 - 1990 Guadalajara 0 6 Sergio Pérez
80%
Francia 24 - 02 - 1955 Lorette 4 51 Alain Prost
73%
Australia 01 - 07 - 1989 Perth 0 8 Daniel Ricciardo
73%
Brasil 12 - 12 - 1946 Sao Paulo 2 14 Emerson Fittipaldi
73%
Brasil 25 - 04 - 1981 Sao Paulo 0 11 Felipe Massa
73%
Inglaterra 29 - 08 - 1947 Belmont 1 10 James Hunt
73%
Finlandia 28 - 09 - 1968 Vantaa 2 20 Mika Häkkinen
73%
Brasil 17 - 08 - 1952 Rio de Janeiro 3 23 Nelson Piquet
73%
Inglaterra 08 - 08 - 1953 Upton upon Severn 1 31 Nigel Mansell
73%
Inglaterra 15 - 02 - 1998 King's Lyn 0 5 George Russell
67%
Inglaterra 19 - 01 - 1980 Frome 1 15 Jenson Button
67%
Australia 27 - 08 - 1976 Queanbeyan 0 9 Mark Webber
67%
Alemania 27 - 06 - 1985 Wiesbaden 1 23 Nico Rosberg
67%
Italia 13 - 07 - 1918 Milan 2 13 Alberto Ascari
60%
Inglaterra 17 - 09 - 1960 Londres 1 22 Damon Hill
60%
Canadá 18 - 01 - 1950 Saint-Jean-sur-Richelieu 0 6 Gilles Villenueve
60%
Australia 02 - 04 - 1926 Hurstville 3 14 Jack Brabham
60%
Canada 09 - 04 - 1971 Saint-Jean-sur-Richelieu 1 11 Jacques Villenueve
60%
Estados Unidos 28 - 02 - 1940 Motovun (Croacia) 1 12 Mario Andretti
60%
Alemania 30 - 06 - 1975 Hürth-Hermülheim 0 6 Ralf Schumacher
60%
Brasil 23 - 05 - 1972 Sao Paulo 0 11 Rubens Barrichello
60%
Finlandia 28 - 08 - 1989 Nastola 0 10 Valtteri Bottas
60%
Argentina 12 - 04 - 1942 Santa Fe de la Vera Cruz 0 12 Carlos Reutemann
53%
Itlaia 30 - 10 - 1906 Turin 1 5 Giuseppe Farina
53%
Inglaterra 15 - 02 - 1929 Londres 2 14 Graham Hill
53%
Colombia 20 - 09 - 1975 Bogotá 0 7 Juan Pablo Montoya
53%
Australia 02 - 11 - 1946 Melbourne 1 12 Alan Jones
47%
Nueva Zelanda 18 - 06 - 1936 Motueka 1 8 Denny Hulme
47%
Escocia 11 - 06 - 1939 Milton 3 27 Jackie Stewart
47%
Escocia 04 - 03 - 1936 Kilmany 2 25 Jim Clark
47%
Sudfafrica 29 - 01 - 1950 East London 1 10 Jody Scheckter
47%
Inglaterra 11 - 02 - 1934 Tatsfield 1 6 John Surtees
47%
Finlandia 06 - 12 - 1948 Solna (Suecia) 1 5 Keijo "Keke" Rosberg
47%
Suecia 14 - 02 - 1944 Örebro 0 10 Ronnie Peterson
47%
Austria 18 - 04 - 1942 Maguncia (Alemania) 1 6 Jochen Rindt
40%
Inglaterra 17 - 09 - 1929 Londres 0 16 Stirling Moss
40%
Escocia 27 - 03 - 1971 Twynholm 0 13 David Coulthard
33%
Austria 27 - 08 - 1959 Wörgl 0 10 Gerhard Berger
33%
Italia 17 - 04 - 1954 Padua 0 6 Riccardo Patrese
27%
Inglaterra 25 - 02 - 1932 Dukinfield 0 6 Anthony "Tony" Brooks
20%
Suiza 05 - 09 - 1939 Mendrisio 0 5 Gianclaudio "Clay" Regazzoni
20%
Francia 21 - 11 - 1943 Paris 0 6 Jacques Laffite
20%
Irlanda del Norte 04 - 05 - 1946 Belfast 0 5 John Watson
20%
Itlaia 23 - 12 - 1956 Milan 0 5 Michele Alboreto
20%
Francia 04 - 07 - 1948 Pontcharra 0 7 René Arnoux
20%
Bélgica 01 - 01 - 1945 Bruselas 0 8 Jacky Icxk
13%
No se encontraron pruebas coincidentes
Distribución de puntuación
Porcentaje de gente con cada puntuación
Porcentaje por número respondido
Historial de tus puntuaciones
No has intentado esta prueba.